[Event "ABC-4 2025 Groep A"]
[Site "Utrecht"]
[Date "2025.03.16"]
[Round "6.4"]
[White "Mastop, Guido"]
[Black "Blom, Rens"]
[Result "0-1"]
[WhiteFideId "8879915"]
[BlackFideId "8605586"]
[WhiteElo "1778"]
[BlackElo "1981"]

1. f4 {[%clk 00:55:18]} {[%emt 00:00:02]} d5 {[%clk 00:55:15]} {[%emt
00:00:06]} 2. Nf3 {[%clk 00:55:24]} {[%emt 00:00:03]} g6 {[%clk 00:55:19]}
{[%emt 00:00:08]} 3. e3 {[%clk 00:55:16]} {[%emt 00:00:17]} Bg7 {[%clk
00:55:25]} {[%emt 00:00:04]} 4. Nc3 {[%clk 00:55:16]} {[%emt 00:00:09]} Nh6
{[%clk 00:55:18]} {[%emt 00:00:17]} 5. b3 {[%clk 00:54:56]} {[%emt 00:00:31]}
O-O {[%clk 00:55:13]} {[%emt 00:00:15]} 6. Bb2 {[%clk 00:54:57]} {[%emt
00:00:09]} c5 {[%clk 00:54:40]} {[%emt 00:00:43]} 7. Na4 {[%clk 00:53:59]}
{[%emt 00:01:07]} Bxb2 {[%clk 00:52:02]} {[%emt 00:02:48]} 8. Nxb2 {[%clk
00:54:07]} {[%emt 00:00:02]} b6 {[%clk 00:51:57]} {[%emt 00:00:15]} 9. Rg1
{[%clk 00:52:32]} {[%emt 00:01:45]} Bb7 {[%clk 00:50:03]} {[%emt 00:02:05]} 10.
g4 {[%clk 00:49:31]} {[%emt 00:03:10]} d4 {[%clk 00:49:50]} {[%emt 00:00:24]}
11. g5 {[%clk 00:47:24]} {[%emt 00:02:17]} Nf5 {[%clk 00:49:48]} {[%emt
00:00:11]} 12. Bh3 {[%clk 00:47:27]} {[%emt 00:00:07]} dxe3 {[%clk 00:49:23]}
{[%emt 00:00:36]} 13. Bxf5 {[%clk 00:45:40]} {[%emt 00:01:57]} Bxf3 {[%clk
00:43:15]} {[%emt 00:06:17]} 14. Qxf3 {[%clk 00:45:49]} Qxd2+ {[%clk 00:43:18]}
{[%emt 00:00:09]} 15. Kf1 {[%clk 00:45:31]} {[%emt 00:00:27]} e2+ {[%clk
00:42:35]} {[%emt 00:00:54]} 16. Qxe2 {[%clk 00:44:44]} {[%emt 00:00:56]} Qxf4+
{[%clk 00:42:39]} {[%emt 00:00:06]} 17. Qf2 {[%clk 00:43:41]} {[%emt 00:01:13]}
Qxf5 {[%clk 00:42:28]} {[%emt 00:00:22]} 18. Qxf5 {[%clk 00:43:22]} {[%emt
00:00:28]} gxf5 {[%clk 00:42:37]} {[%emt 00:00:02]} 19. Rd1 {[%clk 00:43:05]}
{[%emt 00:00:26]} Nc6 {[%clk 00:41:38]} {[%emt 00:01:10]} 20. c3 {[%clk
00:41:15]} {[%emt 00:02:00]} Rad8 {[%clk 00:41:16]} {[%emt 00:00:32]} 21. Kf2
{[%clk 00:40:43]} {[%emt 00:00:42]} Kg7 {[%clk 00:38:58]} {[%emt 00:02:28]} 22.
h4 {[%clk 00:39:46]} {[%emt 00:01:08]} Rxd1 {[%clk 00:37:40]} {[%emt 00:01:28]}
23. Nxd1 {[%clk 00:38:15]} {[%emt 00:01:40]} Rd8 {[%clk 00:37:36]} {[%emt
00:00:14]} 24. Ke3 {[%clk 00:36:56]} {[%emt 00:01:28]} e5 {[%clk 00:33:11]}
{[%emt 00:04:36]} 25. h5 {[%clk 00:36:06]} {[%emt 00:01:00]} f6 {[%clk
00:31:32]} {[%emt 00:01:49]} 26. g6 {[%clk 00:36:01]} {[%emt 00:00:14]} hxg6
{[%clk 00:31:36]} {[%emt 00:00:06]} 27. Rxg6+ {[%clk 00:35:25]} {[%emt
00:00:46]} Kf7 {[%clk 00:31:38]} {[%emt 00:00:09]} 28. Rg1 {[%clk 00:34:51]}
{[%emt 00:00:44]} Ne7 {[%clk 00:28:29]} {[%emt 00:03:19]} 29. h6 {[%clk
00:34:19]} {[%emt 00:00:41]} Ng6 {[%clk 00:27:49]} {[%emt 00:00:51]} 30. Nf2
{[%clk 00:33:17]} {[%emt 00:01:12]} Rh8 {[%clk 00:27:05]} {[%emt 00:00:54]} 31.
Rh1 {[%clk 00:33:03]} {[%emt 00:00:23]} Nf4 {[%clk 00:26:36]} {[%emt 00:00:39]}
32. Rd1 {[%clk 00:31:08]} {[%emt 00:02:05]} Rxh6 {[%clk 00:25:15]} {[%emt
00:01:31]} 33. Rd7+ {[%clk 00:31:08]} {[%emt 00:00:10]} Ke6 {[%clk 00:25:21]}
{[%emt 00:00:04]} 34. Rxa7 {[%clk 00:31:08]} {[%emt 00:00:10]} Nd5+ {[%clk
00:25:26]} {[%emt 00:00:06]} 35. Kd2 {[%clk 00:29:33]} {[%emt 00:01:45]} Rh2
{[%clk 00:25:28]} {[%emt 00:00:08]} 36. c4 {[%clk 00:29:26]} {[%emt 00:00:17]}
Rxf2+ {[%clk 00:24:14]} {[%emt 00:01:23]} 37. Ke1 {[%clk 00:29:35]} {[%emt
00:00:02]} Rb2 {[%clk 00:24:13]} {[%emt 00:00:11]} 38. cxd5+ {[%clk 00:29:32]}
{[%emt 00:00:13]} Kxd5 {[%clk 00:24:19]} {[%emt 00:00:03]} 39. Rf7 {[%clk
00:29:34]} {[%emt 00:00:08]} Ke4 {[%clk 00:23:55]} {[%emt 00:00:35]} 40. Rxf6
{[%clk 00:29:20]} {[%emt 00:00:24]} Ke3 {[%clk 00:23:51]} {[%emt 00:00:14]} 41.
Kf1 {[%clk 00:29:07]} {[%emt 00:00:22]} f4 {[%clk 00:23:58]} {[%emt 00:00:04]}
42. Rxb6 {[%clk 00:28:44]} {[%emt 00:00:33]} f3 {[%clk 00:24:03]} {[%emt
00:00:05]} 43. Kg1 {[%clk 00:28:23]} {[%emt 00:00:31]} f2+ {[%clk 00:24:04]}
{[%emt 00:00:09]} 44. Kg2 {[%clk 00:28:27]} {[%emt 00:00:06]} Rb1 {[%clk
00:24:06]} {[%emt 00:00:08]} 45. Rf6 {[%clk 00:26:39]} {[%emt 00:01:58]} Rg1+
{[%clk 00:24:08]} {[%emt 00:00:07]} 0-1

[Event "ABC-4 2025 Groep A"]
[Site "Utrecht"]
[Date "2025.03.16"]
[Round "6.5"]
[White "Moskalets, Sofia"]
[Black "Nalivaieva, Alisa"]
[Result "1-0"]
[WhiteFideId "9002081"]
[BlackFideId "9073482"]
[WhiteElo "2150"]
[BlackElo "1797"]

1. e4 {[%clk 00:55:17]} {[%emt 00:00:01]} c6 {[%clk 00:55:16]} {[%emt
00:00:05]} 2. d4 {[%clk 00:55:23]} {[%emt 00:00:05]} d5 {[%clk 00:55:23]}
{[%emt 00:00:03]} 3. e5 {[%clk 00:55:28]} {[%emt 00:00:05]} c5 {[%clk
00:55:30]} {[%emt 00:00:03]} 4. dxc5 {[%clk 00:55:33]} {[%emt 00:00:05]} e6
{[%clk 00:55:12]} {[%emt 00:00:28]} 5. Be3 {[%clk 00:55:32]} {[%emt 00:00:11]}
Qc7 {[%clk 00:54:38]} {[%emt 00:00:45]} 6. Nc3 {[%clk 00:53:26]} {[%emt
00:02:15]} Bd7 {[%clk 00:52:04]} {[%emt 00:02:44]} 7. Nf3 {[%clk 00:49:47]}
{[%emt 00:03:49]} Bxc5 {[%clk 00:51:49]} {[%emt 00:00:25]} 8. Bxc5 {[%clk
00:48:16]} {[%emt 00:01:41]} Qxc5 {[%clk 00:51:55]} {[%emt 00:00:04]} 9. Bd3
{[%clk 00:47:22]} {[%emt 00:01:04]} Qb4 {[%clk 00:48:43]} {[%emt 00:03:22]} 10.
Qd2 {[%clk 00:41:38]} {[%emt 00:05:54]} d4 {[%clk 00:43:46]} {[%emt 00:05:08]}
11. Nb5 {[%clk 00:34:56]} {[%emt 00:06:51]} Qxb2 {[%clk 00:40:25]} {[%emt
00:03:31]} 12. Nd6+ {[%clk 00:34:17]} {[%emt 00:00:49]} Kf8 {[%clk 00:39:31]}
{[%emt 00:01:01]} 13. O-O {[%clk 00:31:42]} {[%emt 00:02:48]} Ne7 {[%clk
00:33:16]} {[%emt 00:06:24]} 14. Ng5 {[%clk 00:28:27]} {[%emt 00:03:25]} Nf5
{[%clk 00:24:51]} {[%emt 00:08:35]} 15. Bxf5 {[%clk 00:25:06]} {[%emt
00:03:32]} exf5 {[%clk 00:24:53]} {[%emt 00:00:08]} 16. Ngxf7 {[%clk 00:24:23]}
{[%emt 00:00:52]} Rg8 {[%clk 00:24:48]} {[%emt 00:00:15]} 17. Qg5 {[%clk
00:21:33]} {[%emt 00:03:01]} Nc6 {[%clk 00:24:17]} {[%emt 00:00:41]} 18. Rab1
{[%clk 00:18:36]} {[%emt 00:03:07]} Qxa2 {[%clk 00:22:53]} {[%emt 00:01:34]} 19.
Rxb7 {[%clk 00:17:37]} {[%emt 00:01:09]} Qe6 {[%clk 00:22:18]} {[%emt
00:00:45]} 20. Rfb1 {[%clk 00:09:19]} {[%emt 00:08:28]} Qe7 {[%clk 00:22:08]}
{[%emt 00:00:18]} 21. Qh5 {[%clk 00:06:25]} {[%emt 00:03:05]} h6 {[%clk
00:21:37]} {[%emt 00:00:42]} 22. Qf3 {[%clk 00:05:40]} {[%emt 00:00:55]} g5
{[%clk 00:15:36]} {[%emt 00:06:11]} 23. Qh5 {[%clk 00:04:11]} {[%emt 00:01:40]}
Qe6 {[%clk 00:14:24]} {[%emt 00:01:21]} 24. Rxd7 {[%clk 00:03:27]} {[%emt
00:00:55]} Qxd7 {[%clk 00:14:10]} {[%emt 00:00:24]} 25. Qxh6+ {[%clk 00:03:34]}
{[%emt 00:00:03]} Rg7 {[%clk 00:12:38]} {[%emt 00:01:42]} 26. Rb7 {[%clk
00:03:16]} {[%emt 00:00:28]} Rb8 {[%clk 00:12:21]} {[%emt 00:00:27]} 27. Rxb8+
{[%clk 00:02:19]} {[%emt 00:01:07]} Nxb8 {[%clk 00:12:26]} {[%emt 00:00:04]} 28.
Qh8+ {[%clk 00:02:24]} {[%emt 00:00:06]} Rg8 {[%clk 00:12:09]} {[%emt
00:00:27]} 29. Qh6+ {[%clk 00:02:16]} {[%emt 00:00:19]} Rg7 {[%clk 00:12:01]}
{[%emt 00:00:18]} 30. Qh8+ {[%emt 00:00:32]} Rg8 {[%clk 00:11:56]} {[%emt
00:00:11]} 31. Qf6 {[%clk 00:01:55]} {[%emt 00:00:11]} Qe7 {[%clk 00:10:45]}
{[%emt 00:01:21]} 32. Qh6+ {[%clk 00:02:03]} {[%emt 00:00:02]} Rg7 {[%clk
00:10:43]} {[%emt 00:00:12]} 33. Nh8 {[%clk 00:01:42]} {[%emt 00:00:32]} Kg8
{[%clk 00:09:12]} {[%emt 00:01:40]} 34. Ng6 {[%clk 00:01:50]} {[%emt 00:00:02]}
Rxg6 {[%clk 00:09:03]} {[%emt 00:00:19]} 35. Qxg6+ {[%clk 00:01:58]} {[%emt
00:00:02]} Qg7 {[%clk 00:08:41]} {[%emt 00:00:32]} 36. Qe8+ {[%clk 00:01:47]}
{[%emt 00:00:23]} Qf8 {[%clk 00:08:22]} {[%emt 00:00:29]} 37. Qe6+ {[%clk
00:01:45]} {[%emt 00:00:11]} Kh7 {[%clk 00:07:38]} {[%emt 00:00:53]} 38. Nf7
{[%clk 00:01:00]} {[%emt 00:00:55]} Qg7 {[%clk 00:04:36]} {[%emt 00:03:12]} 39.
Qxf5+ {[%clk 00:01:06]} {[%emt 00:00:05]} Kg8 {[%clk 00:04:38]} {[%emt
00:00:08]} 40. Nxg5 {[%clk 00:01:07]} {[%emt 00:00:09]} Qb7 {[%clk 00:04:15]}
{[%emt 00:00:32]} 41. h4 {[%clk 00:01:10]} {[%emt 00:00:08]} Nc6 {[%clk
00:04:03]} {[%emt 00:00:22]} 42. h5 {[%clk 00:01:12]} {[%emt 00:00:08]} Qc7
{[%clk 00:03:55]} {[%emt 00:00:18]} 43. Qg6+ {[%clk 00:01:06]} {[%emt
00:00:17]} Qg7 {[%clk 00:03:33]} {[%emt 00:00:32]} 44. Qe8+ {[%clk 00:01:14]}
{[%emt 00:00:02]} 1-0

[Event "ABC-4 2025 Groep A"]
[Site "Utrecht"]
[Date "2025.03.16"]
[Round "6.6"]
[White "Lalkota, Sai Pranav Tejas"]
[Black "Hage, Ruben"]
[Result "0-1"]
[WhiteFideId "8930592"]
[BlackFideId "8606444"]
[WhiteElo "1840"]
[BlackElo "1779"]

1. c4 {[%clk 00:52:00]} {[%emt 00:03:20]} c5 {[%clk 00:55:16]} {[%emt
00:00:03]} 2. g3 {[%clk 00:51:49]} {[%emt 00:00:22]} Nc6 {[%clk 00:55:22]}
{[%emt 00:00:04]} 3. Nc3 {[%clk 00:51:53]} {[%emt 00:00:07]} g6 {[%clk
00:55:28]} {[%emt 00:00:03]} 4. Bg2 {[%clk 00:51:49]} {[%emt 00:00:13]} Bg7
{[%clk 00:55:34]} {[%emt 00:00:04]} 5. e3 {[%clk 00:51:41]} {[%emt 00:00:18]}
e5 {[%clk 00:55:36]} {[%emt 00:00:08]} 6. d3 {[%clk 00:51:43]} {[%emt
00:00:09]} Nge7 {[%clk 00:55:42]} {[%emt 00:00:04]} 7. Nge2 {[%clk 00:51:46]}
{[%emt 00:00:07]} O-O {[%clk 00:55:42]} {[%emt 00:00:11]} 8. O-O {[%clk
00:51:49]} {[%emt 00:00:06]} f5 {[%clk 00:55:39]} {[%emt 00:00:13]} 9. Nd5
{[%clk 00:51:21]} {[%emt 00:00:38]} d6 {[%clk 00:55:23]} {[%emt 00:00:26]} 10.
Nec3 {[%clk 00:49:19]} {[%emt 00:02:13]} a6 {[%clk 00:55:15]} {[%emt 00:00:17]}
11. a4 {[%clk 00:49:19]} {[%emt 00:00:09]} Rb8 {[%clk 00:55:00]} {[%emt
00:00:25]} 12. Bd2 {[%clk 00:48:28]} {[%emt 00:01:01]} Be6 {[%clk 00:54:11]}
{[%emt 00:00:59]} 13. a5 {[%clk 00:48:10]} {[%emt 00:00:28]} Bxd5 {[%clk
00:53:40]} {[%emt 00:00:41]} 14. Nxd5 {[%clk 00:48:10]} {[%emt 00:00:10]} Nxd5
{[%clk 00:53:14]} {[%emt 00:00:36]} 15. Bxd5+ {[%clk 00:48:07]} {[%emt
00:00:13]} Kh8 {[%clk 00:53:19]} {[%emt 00:00:05]} 16. Bc3 {[%clk 00:47:53]}
{[%emt 00:00:23]} Qd7 {[%clk 00:51:34]} {[%emt 00:01:55]} 17. f3 {[%clk
00:45:50]} {[%emt 00:02:13]} f4 {[%clk 00:51:00]} {[%emt 00:00:45]} 18. Bxc6
{[%clk 00:45:13]} {[%emt 00:00:48]} bxc6 {[%clk 00:48:55]} {[%emt 00:02:14]} 19.
e4 {[%clk 00:44:49]} {[%emt 00:00:32]} fxg3 {[%clk 00:48:55]} {[%emt 00:00:11]}
20. hxg3 {[%clk 00:44:51]} {[%emt 00:00:08]} d5 {[%clk 00:48:49]} {[%emt
00:00:17]} 21. Qe2 {[%clk 00:43:36]} {[%emt 00:01:22]} d4 {[%clk 00:48:49]}
{[%emt 00:00:13]} 22. Be1 {[%clk 00:43:40]} {[%emt 00:00:05]} Rb3 {[%clk
00:46:55]} {[%emt 00:02:05]} 23. Rd1 {[%clk 00:42:33]} {[%emt 00:01:17]} Bh6
{[%clk 00:46:03]} {[%emt 00:01:02]} 24. Rb1 {[%clk 00:38:01]} {[%emt 00:04:41]}
Qh3 {[%clk 00:44:41]} {[%emt 00:01:32]} 25. g4 {[%clk 00:35:28]} {[%emt
00:02:43]} Be3+ {[%clk 00:43:29]} {[%emt 00:01:23]} 26. Bf2 {[%clk 00:35:31]}
{[%emt 00:00:06]} Rxf3 {[%clk 00:43:01]} {[%emt 00:00:38]} 27. Bxe3 {[%clk
00:33:27]} {[%emt 00:02:14]} Rg3+ {[%clk 00:42:50]} {[%emt 00:00:21]} 28. Kf2
{[%clk 00:33:31]} {[%emt 00:00:05]} Rg2+ {[%clk 00:42:50]} {[%emt 00:00:11]} 29.
Ke1 {[%clk 00:33:27]} {[%emt 00:00:14]} Rxe2+ {[%clk 00:42:56]} {[%emt
00:00:04]} 30. Kxe2 {[%clk 00:33:32]} {[%emt 00:00:06]} Qxe3+ {[%clk 00:43:01]}
{[%emt 00:00:04]} 31. Kd1 {[%clk 00:33:37]} {[%emt 00:00:04]} Rxd3+ {[%clk
00:43:04]} {[%emt 00:00:07]} 32. Kc2 {[%clk 00:33:39]} {[%emt 00:00:06]} Qd2#
{[%emt 00:00:06]} 0-1

[Event "ABC-4 2025 Groep A"]
[Site "Utrecht"]
[Date "2025.03.16"]
[Round "6.7"]
[White "Smeenk, Merijn"]
[Black "Elferink, Leon"]
[Result "1-0"]
[WhiteFideId "8707919"]
[BlackFideId "8708084"]
[WhiteElo "1993"]
[BlackElo "1926"]

1. e4 {[%clk 00:55:16]} {[%emt 00:00:04]} e5 {[%clk 00:55:15]} {[%emt
00:00:06]} 2. Nf3 {[%clk 00:55:23]} {[%emt 00:00:03]} Nc6 {[%clk 00:53:38]}
{[%emt 00:01:47]} 3. Bc4 {[%clk 00:55:27]} {[%emt 00:00:05]} Bc5 {[%clk
00:53:43]} {[%emt 00:00:04]} 4. c3 {[%clk 00:55:30]} {[%emt 00:00:07]} Nf6
{[%clk 00:53:46]} {[%emt 00:00:07]} 5. d3 {[%clk 00:55:35]} {[%emt 00:00:05]}
d6 {[%clk 00:53:50]} {[%emt 00:00:06]} 6. O-O {[%clk 00:55:24]} {[%emt
00:00:20]} O-O {[%clk 00:52:38]} {[%emt 00:01:22]} 7. Re1 {[%clk 00:54:13]}
{[%emt 00:01:21]} a6 {[%clk 00:51:47]} {[%emt 00:01:02]} 8. Bb3 {[%clk
00:52:45]} {[%emt 00:01:38]} Be6 {[%clk 00:46:05]} {[%emt 00:05:53]} 9. Nbd2
{[%clk 00:50:33]} {[%emt 00:02:21]} Qd7 {[%clk 00:42:40]} {[%emt 00:03:35]} 10.
Nf1 {[%clk 00:44:32]} {[%emt 00:06:11]} Rad8 {[%clk 00:39:15]} {[%emt
00:03:35]} 11. Ng3 {[%clk 00:37:11]} {[%emt 00:07:30]} d5 {[%clk 00:36:42]}
{[%emt 00:02:44]} 12. exd5 {[%clk 00:36:38]} {[%emt 00:00:43]} Bxd5 {[%clk
00:36:39]} {[%emt 00:00:14]} 13. Bc2 {[%clk 00:30:54]} {[%emt 00:05:53]} Rfe8
{[%clk 00:31:56]} {[%emt 00:04:53]} 14. Be3 {[%clk 00:29:50]} {[%emt 00:01:14]}
Bd6 {[%clk 00:27:23]} {[%emt 00:04:43]} 15. Bg5 {[%clk 00:28:14]} {[%emt
00:01:45]} Qe6 {[%clk 00:20:03]} {[%emt 00:07:31]} 16. d4 {[%clk 00:21:53]}
{[%emt 00:06:31]} e4 {[%clk 00:18:27]} {[%emt 00:01:46]} 17. Bxf6 {[%clk
00:21:13]} {[%emt 00:00:50]} gxf6 {[%clk 00:18:02]} {[%emt 00:00:35]} 18. Nxe4
{[%clk 00:20:42]} {[%emt 00:00:42]} Bxe4 {[%clk 00:17:24]} {[%emt 00:00:48]} 19.
Rxe4 {[%clk 00:20:39]} {[%emt 00:00:13]} Qd7 {[%clk 00:16:44]} {[%emt
00:00:49]} 20. Qd3 {[%clk 00:19:22]} {[%emt 00:01:27]} f5 {[%clk 00:16:45]}
{[%emt 00:00:09]} 21. Rxe8+ {[%clk 00:19:15]} {[%emt 00:00:17]} Rxe8 {[%clk
00:16:43]} {[%emt 00:00:12]} 22. Nh4 {[%clk 00:16:49]} {[%emt 00:02:36]} Re4
{[%clk 00:16:28]} {[%emt 00:00:25]} 23. Nxf5 {[%clk 00:15:39]} {[%emt
00:01:20]} Re6 {[%clk 00:16:30]} {[%emt 00:00:08]} 24. Nxd6 {[%clk 00:14:58]}
{[%emt 00:00:52]} Qxd6 {[%clk 00:16:35]} {[%emt 00:00:04]} 25. Qxh7+ {[%clk
00:14:40]} {[%emt 00:00:28]} Kf8 {[%clk 00:16:42]} {[%emt 00:00:02]} 26. Qh8+
{[%clk 00:14:23]} {[%emt 00:00:27]} Ke7 {[%clk 00:16:49]} {[%emt 00:00:04]} 27.
Qh4+ {[%clk 00:14:25]} {[%emt 00:00:07]} Kf8 {[%clk 00:16:53]} {[%emt
00:00:06]} 28. Qg3 {[%clk 00:14:16]} {[%emt 00:00:19]} Qd8 {[%clk 00:16:49]}
{[%emt 00:00:14]} 29. Kf1 {[%clk 00:13:03]} {[%emt 00:01:23]} Qe7 {[%clk
00:16:42]} {[%emt 00:00:18]} 30. Bd3 {[%clk 00:12:36]} {[%emt 00:00:36]} b5
{[%clk 00:16:16]} {[%emt 00:00:38]} 31. f3 {[%clk 00:12:03]} {[%emt 00:00:43]}
Re3 {[%clk 00:16:13]} {[%emt 00:00:12]} 32. Re1 {[%clk 00:11:47]} {[%emt
00:00:25]} 1-0

[Event "ABC-4 2025 Groep A"]
[Site "Utrecht"]
[Date "2025.03.16"]
[Round "6.8"]
[White "Waersegers, Brent"]
[Black "Van Diggele, Merijn"]
[Result "1/2-1/2"]
[WhiteFideId "8613803"]
[BlackFideId "8707908"]
[WhiteElo "1847"]
[BlackElo "1673"]

1. e4 {[%clk 00:55:17]} {[%emt 00:00:02]} g6 {[%clk 00:55:18]} {[%emt
00:00:03]} 2. Bc4 {[%clk 00:52:47]} {[%emt 00:02:40]} d6 {[%clk 00:54:04]}
{[%emt 00:01:23]} 3. f4 {[%clk 00:52:16]} {[%emt 00:00:41]} Bg7 {[%clk
00:54:09]} {[%emt 00:00:06]} 4. d4 {[%clk 00:52:00]} {[%emt 00:00:26]} Nd7
{[%clk 00:54:01]} {[%emt 00:00:18]} 5. a3 {[%clk 00:51:16]} {[%emt 00:00:53]}
a6 {[%clk 00:53:58]} {[%emt 00:00:14]} 6. Ne2 {[%clk 00:50:22]} {[%emt
00:01:03]} b5 {[%clk 00:53:54]} {[%emt 00:00:14]} 7. Ba2 {[%clk 00:50:07]}
{[%emt 00:00:26]} Bb7 {[%clk 00:53:58]} {[%emt 00:00:06]} 8. Nbc3 {[%clk
00:48:08]} {[%emt 00:02:08]} c5 {[%clk 00:53:38]} {[%emt 00:00:29]} 9. Be3
{[%clk 00:47:14]} {[%emt 00:01:04]} Ngf6 {[%clk 00:51:59]} {[%emt 00:01:49]} 10.
Ng3 {[%clk 00:45:30]} {[%emt 00:01:53]} b4 {[%clk 00:50:00]} {[%emt 00:02:10]}
11. axb4 {[%clk 00:44:46]} {[%emt 00:00:55]} cxb4 {[%clk 00:49:59]} {[%emt
00:00:11]} 12. Nd5 {[%clk 00:44:46]} {[%emt 00:00:09]} a5 {[%clk 00:49:36]}
{[%emt 00:00:34]} 13. Nxf6+ {[%clk 00:44:14]} {[%emt 00:00:41]} Nxf6 {[%clk
00:49:31]} {[%emt 00:00:15]} 14. Qd3 {[%clk 00:43:09]} {[%emt 00:01:15]} O-O
{[%clk 00:49:25]} {[%emt 00:00:16]} 15. O-O {[%clk 00:40:00]} {[%emt 00:03:19]}
h5 {[%clk 00:49:23]} {[%emt 00:00:13]} 16. f5 {[%clk 00:38:43]} {[%emt
00:01:26]} h4 {[%clk 00:47:05]} {[%emt 00:02:29]} 17. fxg6 {[%clk 00:35:05]}
{[%emt 00:03:47]} hxg3 {[%clk 00:46:53]} {[%emt 00:00:21]} 18. Bxf7+ {[%clk
00:35:07]} {[%emt 00:00:08]} Rxf7 {[%clk 00:45:42]} {[%emt 00:01:22]} 19. gxf7+
{[%clk 00:35:12]} {[%emt 00:00:06]} Kf8 {[%clk 00:43:51]} {[%emt 00:02:02]} 20.
d5 {[%clk 00:33:17]} {[%emt 00:02:05]} Ba6 {[%clk 00:43:38]} {[%emt 00:00:23]}
21. Qd2 {[%clk 00:31:47]} {[%emt 00:01:39]} gxh2+ {[%clk 00:43:19]} {[%emt
00:00:29]} 22. Kh1 {[%clk 00:31:28]} {[%emt 00:00:28]} Bxf1 {[%clk 00:43:03]}
{[%emt 00:00:27]} 23. Rxf1 {[%clk 00:31:22]} {[%emt 00:00:16]} Nxe4 {[%clk
00:43:02]} {[%emt 00:00:11]} 24. Qe1 {[%clk 00:31:05]} {[%emt 00:00:26]} Qd7
{[%clk 00:41:41]} {[%emt 00:01:32]} 25. Qh4 {[%clk 00:29:38]} {[%emt 00:01:37]}
Nf6 {[%clk 00:41:24]} {[%emt 00:00:28]} 26. Bh6 {[%clk 00:29:29]} {[%emt
00:00:19]} Qg4 {[%clk 00:41:12]} {[%emt 00:00:23]} 27. Qxh2 {[%clk 00:28:32]}
{[%emt 00:01:06]} Ne4 {[%clk 00:40:31]} {[%emt 00:00:51]} 28. Rf3 {[%clk
00:27:56]} {[%emt 00:00:46]} Rc8 {[%clk 00:36:42]} {[%emt 00:04:00]} 29. b3
{[%clk 00:27:53]} {[%emt 00:00:13]} Rc7 {[%emt 00:00:43]} 30. c3 Rxc3 {[%clk
00:36:08]} 31. Bxg7+ {[%clk 00:26:42]} {[%emt 00:01:20]} Rc2 {[%clk 00:36:05]}
32. Qh3+ {[%clk 00:26:38]} Qxg7 {[%clk 00:35:08]} 33. Rf2 {[%clk 00:26:42]}
{[%emt 00:01:16]} 1/2-1/2